Estudos cientificos, oferecidos em homenagem ao Prof. doutor J. Carrington da Costa por ocasi~ao do seu 70. aniversario, abril de 1961.

Saved in:
Bibliographic Details
Corporate Author: Portugal. Junta de Investigac~oes do Ultramar
Format: Book
Language:Portuguese
Published: Lisboa, 1962.
Subjects:
LEADER 01242nam a22003011a 4500
001 c000131432
003 CARM
005 00000000000000.0
008 761109s1962 po abcf b f01000dpor
010 |a 63058567 //r933 
019 1 |a 1096127  |5 LACONCORD2021 
035 |a (OCoLC)8990557  |5 LACONCORD2021 
040 |d XNTU 
041 0 |a porfrelat  |b porengfreger 
050 0 0 |a Q171  |b .E793 1962 
110 1 0 |a Portugal.  |b Junta de Investigac~oes do Ultramar. 
245 1 0 |a Estudos cientificos, oferecidos em homenagem ao Prof. doutor J. Carrington da Costa por ocasi~ao do seu 70. aniversario, abril de 1961. 
260 1 |a Lisboa,  |c 1962. 
300 |a xxvii, 747 p. :  |b ill., plates (some col.), port., maps (some folded, some col.) ;  |c 26 cm. 
500 |a Portuguese, French, or Latin. 
500 |a Summaries in Portuguese, English, French, or German. 
504 |a Includes bibliographies. 
600 1 0 |a Costa, J. Carrington da  |q (Jo~ao Carrington),  |d 1891- 
650 0 |a Science. 
852 8 |b CARM  |h A2:AB13D5  |i D00354  |p 0028964  |f BK 
082 0 4 |a 500  |2 20 
999 f f |i 52370550-5672-5dff-a7a5-2a01dbc626c2  |s fb4a2acf-ad9d-5428-b1d4-e75f9a4145f0 
952 f f |p Can circulate  |a CAVAL  |b CAVAL  |c CAVAL  |d CARM 1 Store  |e D00354  |f A2:AB13D5  |h Other scheme  |i book  |m 0028964